000 00725nam a2200193 i 4500
001 101065
003 ES-MaACL
005 20250604062626.0
007 t|
008 051011s1948 sp ||||1| spa d
100 1 _aMaura Gamazo, Gabriel,
_cDuque de Maura,
_d1879-1963
_979221
245 1 0 _aPor qué cayó Alfonso XIII
_b: evolución y disolución de los partidos históricos durante su reinado /
_cDuque de Maura y Melchor Fernández Almagro.
260 _aMadrid :
_bAmbos Mundos,
_c1948.
300 _aXV, 545 p. ;
_c22 cm.
651 4 _aEspaña-
_xHistoria-
_y1902-1931, Alfonso XIII
_98276
700 1 _aFernández Almagro, Melchor,
_d1893-1966
_949447
852 _aES-MaACL
_jC-4282
_bR.24069
999 _c101065
_d101065